Diagnóstico de transporte de la región V
Presenta una visión detallada de la situación actual del transporte en la v región V genera un considerable volumen de carga, destacándose en la actualidad tres sectores significativos que son el pecuario, el agrícola y el abastecimiento regional.
| Main Authors: | , |
|---|---|
| Other Authors: | |
| Format: | Tesis Section = Libro |
| Language: | Undetermined Spanish |
| Published: |
Managua
UNI
1985
|
| Subjects: |
| LEADER | 01088nam a2200277Ia 4500 | ||
|---|---|---|---|
| 008 | 240830s9999 xx 000 0 und d | ||
| 040 | |a BIBLIOTECA-RUPAP Mon 388 C118 | ||
| 041 | |a spa | ||
| 082 | |a Mon 388 C118 | ||
| 100 | 1 | |a Cáceres Espinoza, Oscar Antonio | |
| 100 | 1 | |b Somoza Rayo, Ángel Rafael | |
| 245 | 1 | 0 | |a Diagnóstico de transporte de la región V |
| 260 | |a Managua |b UNI |c 1985 | ||
| 300 | |a 101 p. :il. | ||
| 500 | |a Contiene: anexos. | ||
| 502 | |a Tesis (Ingeniero Civil)- UNI, 1985. | ||
| 520 | 3 | |a Presenta una visión detallada de la situación actual del transporte en la v región V genera un considerable volumen de carga, destacándose en la actualidad tres sectores significativos que son el pecuario, el agrícola y el abastecimiento regional. | |
| 650 | 7 | |a TRANSPORTE DE CARGA - V REGIÓN -ASPECTOS SOCIOECONÓMICOS | |
| 650 | 7 | |b TRANSPORTE DE PASAJEROS V REGIÓN | |
| 650 | 7 | |c SISTEMA DE TRANSPORTE | |
| 650 | 7 | |d RED VIAL V REGIÓN | |
| 650 | 7 | |e TRANSPORTE ACUÁTICO | |
| 700 | 1 | |a Tutor: | |
| 942 | |c BK |2 ddc | ||
| 991 | |a TESIS | ||
| 999 | |c 15591 | ||